The everglades / (Record no. 9061)

MARC details
000 -LEADER
fixed length control field 00971nam a22002897a 4500
001 - CONTROL NUMBER
control field 9061
003 - CONTROL NUMBER IDENTIFIER
control field FISKH
005 - DATE AND TIME OF LATEST TRANSACTION
control field 20251118123242.0
008 - FIXED-LENGTH DATA ELEMENTS--GENERAL INFORMATION
fixed length control field 251118b cb ||||| |||| 00| 0 eng d
020 ## - INTERNATIONAL STANDARD BOOK NUMBER
International Standard Book Number 9780761355694
040 ## - CATALOGING SOURCE
Original cataloging agency FISKH
Language of cataloging eng
Transcribing agency FISKH
Modifying agency FISKH
050 ## - LIBRARY OF CONGRESS CALL NUMBER
Classification number F317.E9 B85
082 ## - DEWEY DECIMAL CLASSIFICATION NUMBER
Classification number 975.9
100 ## - MAIN ENTRY--PERSONAL NAME
Personal name Bullard, Lisa
245 ## - TITLE STATEMENT
Title The everglades /
Statement of responsibility, etc. By Lisa Bullard
260 ## - PUBLICATION, DISTRIBUTION, ETC.
Place of publication, distribution, etc. Minneapolis :
Name of publisher, distributor, etc. Learner Publications Company ,
Date of publication, distribution, etc. 2010.
300 ## - PHYSICAL DESCRIPTION
Extent 31 pages :
Other physical details color illustrations ;
Dimensions 26 cm .
490 ## - SERIES STATEMENT
Series statement Lightning Bolt Books
505 ## - FORMATTED CONTENTS NOTE
Formatted contents note N <br/>
520 ## - SUMMARY, ETC.
Summary, etc. Discusses the Everglades region of Florida, covering its climate, plant and animal life, and importance to humans, and examines how the area is changing over time.
521 8# - TARGET AUDIENCE NOTE
Target audience note 590 <br/>
Source Lexile <br/>
521 8# - TARGET AUDIENCE NOTE
Target audience note N <br/>
Source Raz-Plus <br/>
650 ## - SUBJECT ADDED ENTRY--TOPICAL TERM
Topical term or geographic name entry element Everglades
Form subdivision Juvenile Literature
650 ## - SUBJECT ADDED ENTRY--TOPICAL TERM
Topical term or geographic name entry element Everglades National Park
Form subdivision Juvenile Literature
942 ## - ADDED ENTRY ELEMENTS (KOHA)
Source of classification or shelving scheme Dewey Decimal Classification
Koha item type Books
Suppress in OPAC No
Holdings
Withdrawn status Lost status Source of classification or shelving scheme Damaged status Not for loan Collection Home library Current library Shelving location Date acquired Total Checkouts Full call number Barcode Date last seen Price effective from Koha item type
    Dewey Decimal Classification     Non-Fiction Footprints International School Library Network Toul Tom Poung Campus Footprints International School Library Network Toul Tom Poung Campus TTP Primary Orange Bookshelves 11/18/2025   BUL 975.9 F317.E9 B85 FISTK02152 11/18/2025 11/18/2025 Books